| 000 | 01074nam a2200325 i 4500 | ||
|---|---|---|---|
| 001 | 000017795 | ||
| 003 | DO-SdBNP | ||
| 005 | 20240927073747.0 | ||
| 007 | ta | ||
| 008 | 100406s2001 dr 000 j spa d | ||
| 020 | _a9993454052 | ||
| 040 |
_aDO-SdBNP _bspa _cBNPHU _erda |
||
| 049 | _aBNPD | ||
| 082 | 4 |
_aRD863.44 _bJ62b _222 |
|
| 245 | 0 | 0 |
_aJoaquín Balaguer : _bpremio nacional de literatura 1990 / _cEstudio preliminar, Jorge Tena Reyes. |
| 264 |
_aSanto Domingo : _bFundación Corripio, _c2001. |
||
| 300 |
_a764 páginas ; _c25 cm. |
||
| 336 |
_2rdacontent _atexto _btxt |
||
| 337 |
_2rdamedia _asin mediación _bn |
||
| 338 |
_2rdacarrier _avolumen _bnc |
||
| 490 | _aPremio Nacional de Literatura | ||
| 500 | _aIncluye referencias bibliográficas notas al pie de las páginas. | ||
| 590 | _aInventariado, 2022/BT | ||
| 600 | 1 | 0 |
_a Balaguer, Joaquín, _d1906-2002 _976556 |
| 650 | 0 |
_aCuentos dominicanos _9176 |
|
| 650 | 0 |
_aLiteratura dominicana. _967 |
|
| 700 | 1 |
_aTena Reyes, Jorge, _98252 _eestudio preliminar |
|
| 910 | _aBtavárez | ||
| 942 |
_2ddc _cLBS1 |
||
| 999 |
_c17320 _d17320 |
||